000 01399nam0a22003011 4500
001 v19\rc\1737999
005 20250619082548.0
035 _a(NLR Aleph) 004889022
090 _a5250885
_c5250885
100 _a20061204e19021902|||y0rusy50 ca
101 0 _arus
102 _aRU
105 _ay z |||||
200 1 _aСлово в день благовещения Пресвятыя Богородицы
_e[Произнесено в Иоанно-Богосл. церкви Смол. семинарии 25 марта 1902 г.]
_f[Ректор Семинарии, архим. Алипий]
210 _aСмоленск
_cпаровая типо-лит. Я.Н. Подземского
_d1902
215 _a6 с.
_d22
300 _aАвт. указан в конце текста
309 _aБез тит. л.
311 _aИз № 7 "Смол. епарх. вед." за 1902 г.
488 0 _12001#$aСмоленские епархиальные ведомости$v1902, № 7
_tСмоленские епархиальные ведомости
700 0 _aАлипий
_cПопов, Александр Александрович
_f1864-1912
790 1 _aПопов
_bА.А.
_f1864-1912
_gАлександр Александрович
801 0 _aRU
_bNLR
_gpsbo
801 0 _aRU
_bRuMoRGB
_2psbo
801 1 _aRU
_bProSoft-M
_2rusmarc
852 _aNLR
_j34.83.3.954
942 _cBOOK
980 _aNB